Ładuje się......

Changing character of war

Opis bibliograficzny
Kolejni autorzy: Strachan, Hew, Scheipers, Sibylle
Format: Printed Book
Wydane: Oxford ; Oxford University Press, 2011.
Hasła przedmiotowe:
LEADER 00536cam a2200169 a 4500
020 |a 9780199688005 
082 |a 355.02  |b CHA 
245 0 4 |a Changing character of war  
260 |a Oxford ;  |b Oxford University Press,  |c 2011. 
300 |a x, 564 p. ; 
650 0 |a War. 
650 0 |a War-Philosophy 
700 1 |a Strachan, Hew. 
700 1 |a Scheipers, Sibylle. 
942 |c BK 
999 |c 37589  |d 37589 
952 |0 0  |1 0  |4 0  |6 355_020000000000000_CHA  |7 0  |8 Stack  |9 39796  |a KUCL  |b KUCL  |c Stack  |d 2016-01-16  |g 1695.00  |l 0  |o 355.02 CHA  |p 37845  |r 2016-01-16  |w 2016-01-16  |y BK